| 000 | 00849nam a2200265 i 4500 | ||
|---|---|---|---|
| 003 | DO-SdBNP | ||
| 005 | 20240626093638.0 | ||
| 007 | ta | ||
| 008 | 240626b2016 xxu || 000 0 eng d | ||
| 020 | _a9781612549200 | ||
| 040 |
_aDO-SdBNP _bspa _cBNPHU _erda |
||
| 082 | 4 |
_bB395 _222 |
|
| 100 | 1 |
_aBecker, Alex _eautor _985819 |
|
| 245 | 1 | 4 |
_athe 10 pillars of wealth : _b mind-sets of the world´s richest people / _cAlex Becker |
| 264 | 1 |
_aTexas, Estados Unidos : _bBrown books publishing group, _c2016. |
|
| 300 |
_a192 páginas : _c22 cm. |
||
| 336 |
_2rdacontent _atexto _btxt |
||
| 337 |
_2rdamedia _asin mediación _bn |
||
| 338 |
_2rdacarrier _avolumen _bnc |
||
| 500 | _aIncluye datos biografícos del autor en la pagina 182. | ||
| 500 | _aLibro en ingles. | ||
| 590 | _aInventariado, 2024/ YL | ||
| 910 | _aYLockward | ||
| 942 |
_2ddc _cLBS1 |
||
| 999 |
_c56998 _d56998 |
||